Southern African plant red data lists / (Record no. 162026)
[ view plain ]
| 000 -LEADER | |
|---|---|
| fixed length control field | 01555cam a22003497a 4500 |
| 008 - FIXED-LENGTH DATA ELEMENTS--GENERAL INFORMATION | |
| fixed length control field | |
| 020 ## - INTERNATIONAL STANDARD BOOK NUMBER | |
| International Standard Book Number | 1919795642 (hbk.) |
| 049 ## - LOCAL HOLDINGS (OCLC) | |
| Holding library | MAIN |
| 090 ## - LOCALLY ASSIGNED LC-TYPE CALL NUMBER (OCLC); LOCAL CALL NUMBER (RLIN) | |
| Classification number (OCLC) (R) ; Classification number, CALL (RLIN) (NR) | QK86.A3SOU |
| 003 - CONTROL NUMBER IDENTIFIER | |
| control field | |
| 005 - DATE AND TIME OF LATEST TRANSACTION | |
| control field | 20230123134220.0 |
| 040 ## - CATALOGING SOURCE | |
| Transcribing agency | NUST |
| 245 00 - TITLE STATEMENT | |
| Title | Southern African plant red data lists / |
| Statement of responsibility, etc. | edited by Janice S. Golding ; with contributions by Salom�aao O. Bandeira ... [et al.]. |
| 260 ## - PUBLICATION, DISTRIBUTION, ETC. | |
| Place of publication, distribution, etc. | Pretoria, South Africa : |
| Name of publisher, distributor, etc. | SABONET : |
| -- | National Botanical Institute, |
| Date of publication, distribution, etc. | 2002. |
| 300 ## - PHYSICAL DESCRIPTION | |
| Extent | xii, 237 p. : |
| Other physical details | ill. (some col.), maps (some col.) ; |
| Dimensions | 31 cm. |
| 440 #0 - SERIES STATEMENT/ADDED ENTRY--TITLE | |
| Title | Southern African Botanical Diversity Network report ; |
| Volume/sequential designation | no. 14 |
| 500 ## - GENERAL NOTE | |
| General note | "This report is a joint product of the Southern African Botanical Diversity network (SABONET) and the National Botanical Institute of South Africa"--T.p. verso. |
| 504 ## - BIBLIOGRAPHY, ETC. NOTE | |
| Bibliography, etc. note | Includes bibliographical references. |
| 500 ## - GENERAL NOTE | |
| General note | Includes index. |
| 650 #0 - SUBJECT ADDED ENTRY--TOPICAL TERM | |
| Topical term or geographic name entry element | Endangered plants |
| Geographic subdivision | Africa, Southern. |
| 650 #0 - SUBJECT ADDED ENTRY--TOPICAL TERM | |
| Topical term or geographic name entry element | Plant conservation |
| Geographic subdivision | Africa, Southern. |
| 650 #0 - SUBJECT ADDED ENTRY--TOPICAL TERM | |
| Topical term or geographic name entry element | Biodiversity |
| Geographic subdivision | Africa, Southern. |
| 650 #0 - SUBJECT ADDED ENTRY--TOPICAL TERM | |
| Topical term or geographic name entry element | Habitat conservation |
| Geographic subdivision | Africa, Southern. |
| 650 #0 - SUBJECT ADDED ENTRY--TOPICAL TERM | |
| Topical term or geographic name entry element | Rare plants |
| Geographic subdivision | Africa, Southern. |
| 700 1# - ADDED ENTRY--PERSONAL NAME | |
| Personal name | Golding, Janice S. |
| 700 1# - ADDED ENTRY--PERSONAL NAME | |
| Personal name | Bandeira, Salom�aao O. |
| 710 2# - ADDED ENTRY--CORPORATE NAME | |
| Corporate name or jurisdiction name as entry element | Southern African Botanical Diversity Network. |
| 710 2# - ADDED ENTRY--CORPORATE NAME | |
| Corporate name or jurisdiction name as entry element | National Botanical Institute (South Africa) |
| 710 2# - ADDED ENTRY--CORPORATE NAME | |
| Corporate name or jurisdiction name as entry element | International Union for Conservation of Nature and Natural Resources. |
| Subordinate unit | Red List Programme. |
| 907 ## - LOCAL DATA ELEMENT G, LDG (RLIN) | |
| a | .b10204982 |
| b | 13-07-06 |
| c | 09-06-06 |
| 942 ## - ADDED ENTRY ELEMENTS (KOHA) | |
| Koha item type | Ordinary Loan Books |
| Call number prefix | QK86.A3SOU |
| Date last seen | Total Checkouts | Full call number | Barcode | Cost, replacement price | Price effective from | Koha item type | Lost status | Source of classification or shelving scheme | Damaged status | Not for loan | Collection | Withdrawn status | Home library | Current library | Shelving location | Date acquired | Cost, normal purchase price |
|---|---|---|---|---|---|---|---|---|---|---|---|---|---|---|---|---|---|
| 01/23/2023 | 3 | QK86.A3 SOU | 92003024597 | 80.00 | 01/23/2023 | BOOKS | LCC | NFIC | MAIN | MAIN | GEN | 01/23/2023 | 80.00 |